Mao Trạch Đông và 30 tướng soái nước cộng hoà nhân dân Trung Hoa /
Gespeichert in:
| Hauptverfasser: | , |
|---|---|
| Format: | Sách giấy |
| Sprache: | Vietnamese |
| Veröffentlicht: |
Hà Nội :
Chính trị Quốc gia ,
1997
|
| Tags: |
Tag hinzufügen
Keine Tags, Fügen Sie den ersten Tag hinzu!
|
| Thư viện lưu trữ: | Thư viện Trường Đại học Đà Lạt |
|---|
| LEADER | 00717nam a2200265 4500 | ||
|---|---|---|---|
| 001 | DLU020012815 | ||
| 005 | ##5/31/2000 | ||
| 020 | # | # | |a 978- |
| 041 | # | # | |a vie |
| 082 | # | # | |a 923 |b TE-P |
| 090 | # | # | |a 923 |b TE-P |
| 100 | # | # | |a Tề Bằng Phi |
| 100 | # | # | |a Vương Tiến |
| 245 | # | # | |a Mao Trạch Đông và 30 tướng soái nước cộng hoà nhân dân Trung Hoa / |c Tề Bằng Phi,Vương Tiến, Tề Bằng Phi, Vương Tiến |
| 260 | # | # | |a Hà Nội : |b Chính trị Quốc gia , |c 1997 |
| 300 | # | # | |a 696 tr.; |c 19 cm. |
| 992 | # | # | |a 55000 |
| 994 | # | # | |a DLU |
| 900 | # | # | |a False |
| 911 | # | # | |a Administrator |
| 925 | # | # | |a G |
| 926 | # | # | |a A |
| 927 | # | # | |a SH |
| 980 | # | # | |a Thư viện Trường Đại học Đà Lạt |